Normal view
MARC view
Entry Personal Name
001 - CONTROL NUMBER
- control field: 35406
003 - CONTROL NUMBER IDENTIFIER
- control field: ARRUPE
005 - DATE AND TIME OF LATEST TRANSACTION
- control field: 20170830104601.0
008 - FIXED-LENGTH DATA ELEMENTS
- fixed length control field: 170830|| aca||aabn | a|a d
040 ## - CATALOGING SOURCE
- Original cataloging agency: ARRUPE
- Transcribing agency: ARRUPE
100 ## - HEADING--PERSONAL NAME
- Personal name: Lewis, Harold T.
670 ## - SOURCE DATA FOUND
- Source citation: Work cat.: (ARRUPE): Lewis, Harold T., Yet with a staedy beat, 1996